| 000 | 01647cam a2200229 i 4500 | ||
|---|---|---|---|
| 008 | 140506t20152015njua b 001 0 eng | ||
| 020 | _a9781118032114 (hardback) | ||
| 020 | _a111803211X (hardcover) | ||
| 050 | 0 | 0 |
_aQH323.5 _b.S464 |
| 082 | 0 | 0 | _a570.1/51 |
| 100 | 1 | _aShahin, Mazen, | |
| 245 | 1 | 0 |
_aExplorations of mathematical models in biology with Maple / _cMazen Shahin, Department of Mathematical Sciences, Delaware State University, Dover, DE, USA. |
| 260 |
_aNew Jersey _bJohn Wiley & Son _c2015 |
||
| 300 |
_axi, 292 pages : _billustrations ; |
||
| 520 | _a"With an emphasis on Maple applications to showcase graphical and numerical techniques, this book investigates and analyzes the behavior of solutions of mathematical models and also features interesting linear and nonlinear models from diverse disciplines, such as biology, ecology, and environment. It utilizes difference equations, matrix algebra, and Markov chains as the main mathematical tools. It is an ideal book for students of mathematical biology, theoretical ecology, bioeconomics, forensic science, applied mathematics, and environmental science"-- | ||
| 520 | _a"This book focuses on mathematical models in biology and utilizes difference equations, matrix algebra, and Markov chains as the main mathematical tools. In addition, Maple, a computer algebra system, as well as cooperative learning initiatives are integrated"-- | ||
| 650 | 0 |
_aBiology _xMathematical models. |
|
| 650 | 0 |
_aBiology _xData processing. |
|
| 650 | 7 | _aSCIENCE / Life Sciences / Biophysics. | |
| 856 | 4 | 2 | _uhttp://catalogimages.wiley.com/images/db/jimages/9781118032114.jpg |
| 942 | _cBK | ||
| 999 |
_c3742 _d3742 |
||